000 00882nam a2200313 a 4500
003 AR-BaBNM
005 20251128204529.0
008 082120s2002 ||||||||||||||000 | spa||
040 _cAR-BaBNM
100 1 _aKavolis, Vytautas
245 0 0 _aLa expresión artistica
_bun estudio sociológico
260 _aBuenos Aires
_bAmorrortu
_c1970
300 _a239 p.
_btablas
490 0 _aBiblioteca de sociología
500 _aTraducido por Aníbal C. Leal
500 _aRevisión técnica por Carlos Flood
650 4 _aESTILOS ARTISTICOS
650 4 _aSOCIOLOGIA POLITICA
650 4 _aESTRATIFICACION SOCIAL
650 4 _aCLASES SOCIALES
650 4 _aMEDIO URBANO
650 4 _aROL CREATIVO
650 4 _aINVESTIGACION CULTURAL
650 4 _aDESARROLLO SOCIAL
653 _aEXPRESIONISMO
800 1 _aRigal, Luis A.
_edirector
942 _cBK
998 _cGrace
999 _c7797
_d7797